Loading...
Social life in ancient India. Studies in Vatsyayana,s kamasutra. /
| Main Author: | |
|---|---|
| Language: | Undetermined |
| Published: |
1929.
|
| Series: | Greater India Society Publication,3
|
| LEADER | 00466nam a2200133Ia 4500 | ||
|---|---|---|---|
| 001 | 78975 | ||
| 008 | 170722s9999 xx 000 0 und d | ||
| 100 | |a Chakladar, Haran Chandra | ||
| 245 | |a Social life in ancient India. |b Studies in Vatsyayana,s kamasutra. / | ||
| 260 | |c 1929. | ||
| 490 | |a Greater India Society Publication,3 | ||
| 942 | |c GEN | ||
| 999 | |c 31515 |d 31515 | ||
| 952 | |0 0 |1 0 |4 0 |6 S_5XD251G_F9 |7 0 |9 39570 |a LIB |b LIB |d 2017-08-12 |o S5xD25,1:g F9 |p 15659 |r 2017-08-12 |w 2017-08-12 |y GEN | ||